[Event "IND-ch U09 op 32nd"]
[Site "Ranchi"]
[Date "2018.09.15"]
[Round "1.4"]
[White "Sourish, Debnath"]
[Black "Mayank, Chakraborty"]
[Result "0-1"]
[WhiteElo "1021"]
[BlackElo "1655"]
[PlyCount "74"]
[EventDate "2018.09.15"]
[EventType "swiss"]
[EventRounds "11"]
[EventCountry "IND"]
[SourceTitle "EXT 2024"]
[Source "ChessBase"]
[SourceDate "2023.10.10"]
[SourceVersion "1"]
[SourceVersionDate "2023.10.10"]
[SourceQuality "1"]

1. e4 c5 2. Nf3 g6 3. Nc3 Bg7 4. d4 cxd4 5. Nxd4 Nc6 6. Be3 Nf6 7. Bc4 0-0 8. h3 Nxe4 9. Nxe4 d5 10. Nc3 dxc4 11. Nxc6 bxc6 12. Qxd8 Rxd8 13. 0-0 Bf5 14. Bc5 Bf6 15. Rfe1 Rab8 16. Bxe7 Bxe7 17. Rxe7 Rxb2 18. g4 Bxc2 19. Rxa7 Rd3 20. Ne4 Rf3 21. Ng5 Rf4 22. Ra8+ Kg7 23. Ra7 Rf6 24. Re1 Rb1 25. Rxb1 Bxb1 26. Ra3 Bd3 27. Kg2 h6 28. Nf3 Be4 29. Rc3 Rxf3 30. Rxf3 c3 31. Kf1 Bxf3 32. Ke1 Kf6 33. a4 Ke5 34. a5 Kd4 35. a6 Kd3 36. a7 c2 37. a8Q c1R# 0-1